Jurisprudencia tributaria salvadoreña (Registro nro. 8146)

Detalles MARC
000 -LEADER
fixed length control field 01314nam a2200181Ia 4500
005 - FECHA Y HORA DE LA ÚLTIMA TRANSACCIÓN
control field 20230516142357.0
008 - FIXED-LENGTH DATA ELEMENTS--GENERAL INFORMATION
fixed length control field 230508s9999 xx 000 0 und d
040 ## - CATALOGING SOURCE
Original cataloging agency UPAN
Transcribing agency Biblioteca San Vicente
Description conventions RCAA2
041 ## - LANGUAGE CODE
Language code of text/sound track or separate title spa
082 ## - DEWEY DECIMAL CLASSIFICATION NUMBER
Classification number 343.04
Item number M463
100 ## - MAIN ENTRY--PERSONAL NAME
Personal name Mendoza Orantes, Ricardo
Relator code aut.
245 #0 - TITLE STATEMENT
Title Jurisprudencia tributaria salvadoreña
Remainder of title Lic. Ricardo Mendoza Orantes
260 ## - PUBLICATION, DISTRIBUTION, ETC. (IMPRINT)
Place of publication, distribution, etc El Salvador:
300 ## - PHYSICAL DESCRIPTION
Extent 140 p.:
Dimensions 21 cm.
505 ## - FORMATTED CONTENTS NOTE
Formatted contents note Dentro de este contexto, adquieren especial importancia las sentencias y resoluciones del honorable Tribunal de Apelaciones de los Impuestos de Renta y Patrimonio, que sin lugar a dudas, constituyen una enorme fuente de informaciòn y conocimientos para las personas interesadas en el estudio del Derecho Tributario, facilitando su comprensiòn y entendimiento, lo cual renundarà en beneficio del constribuyente y de la Administraciòn Fiscal.<br/>La finalidad del texto, es que sirva de material de apoyo a los alumnos, para la enseñanza de las materias FINANZAS PÙBLICAS, DERECHO TRIBUTARIO Y LEYES ADMINISTRATIVAS, en la Facultad de Derecho de la Universidad " Dr. Jose Matìas Delgado", materias de las cuales soy catedràtico en la citada Universidad, razòn por la que se ha hecho un tiraje limitado.
650 ## - SUBJECT ADDED ENTRY--TOPICAL TERM
Source of heading or term LEMB
Topical term or geographic name as entry element Jurisprudencia
942 ## - ADDED ENTRY ELEMENTS (KOHA)
Koha item type Libros
Source of classification or shelving scheme Dewey Decimal Classification
Existencias
Withdrawn status Lost status Source of classification or shelving scheme Damaged status Not for loan Collection code Home library Current library Date acquired Total Checkouts Full call number Barcode Date last seen Price effective from Koha item type
    Dewey Decimal Classification     Colección General Biblioteca UPAN San Vicente Biblioteca UPAN San Vicente 08/05/2023   343.04 M463 12000654 08/05/2023 08/05/2023 Libros